01254nam a2200301 a 450000100060000000300090000600500170001500800410003202000210007302000210009402000210011503500150013603500180015104000280016904100130019708200280021010000310023824501250026926000420039430000190043650002200045550400410067550501390071665000240085570000280087970000260090783000190093358205BD-RJUL 20211209080609.0161217r19681965enk b 001 0 eng d a014013834X (pbk) a014020959X (v.1) a014021092X (v.2) a014021092X aBD-RJUL 58329 aERFcERFdm/cdEQObeng1 aenghfre 223 a301.09 bARM 1968 1 aAron, Raymond,d1905-1983.10aMain currents in sociological thought /cRaymond Aron ; translated [from the French] by Richard Howard and Helen Weaver. aHarmondsworth :bPenguin,c1968-1970. a2 v. ;c18 cm. aFirst published in the U.S.A. 1965-1967. -- First published in Great Britain: Weidenfeld and Nicolson, 1965-1968. -- Volume 1 first published in Pelican Books 1968. -- Volume 2 first published in Pelican Books 1970. aIncludes bibliographies and indices.0 aContents: Vol. 1. Montesquieu. Comte. Marx. Tocqueville. The sociologists and the Revolution of 1848 -- v. 2. Durkheim. Pareto. Weber. 0aSociologyxHistory.1 aHoward, Richard,d1929-1 aWeaver, Helen,d1931- 0aPelican books.